| 000 | 00831cam a2200145 4500500 | ||
|---|---|---|---|
| 005 | 20260208010539.0 | ||
| 041 | _afre | ||
| 042 | _adc | ||
| 100 | 1 | 0 |
_aLarivée, Annie _eauthor |
| 245 | 0 | 0 | _aHeinrich Dörrie et Matthias Baltes (éd.), Der Platonismus in der Antike. Die philosophische Lehre des Platonismus, t. 6 . 1 et 6 . 2, Von der « Seele » als der Ursache aller sinnvollen Abläufe, Bausteine 151-168 et 169-181 (texte, trad. et com., Stuttgart-Bad Cannstatt, Friedrich Frommann Verlag - Günther Holzboog, 2002, XIV-437 p., X-454 p. Prix : 710 E. |
| 260 | _c2005. | ||
| 500 | _a22 | ||
| 786 | 0 | _nRevue philosophique de la France et de l'étranger | 130 | 1 | 2005-03-01 | p. 77zb-130zb | 0035-3833 | |
| 856 | 4 | 1 | _uhttps://shs.cairn.info/revue-philosophique-2005-1-page-77zb?lang=fr&redirect-ssocas=7080 |
| 999 |
_c1657067 _d1657067 |
||